Entry Personal Name
Number of records used in: 1
001 - CONTROL NUMBER
003 - CONTROL NUMBER IDENTIFIER
005 - DATE AND TIME OF LATEST TRANSACTION
- control field:
20220922121909.0
008 - FIXED-LENGTH DATA ELEMENTS
- fixed length control field:
950822n| acannaab| |a aaa |||
010 ## - LIBRARY OF CONGRESS CONTROL NUMBER
- LC control number:
n 95083764
040 ## - CATALOGING SOURCE
- Original cataloging agency:
DLC
- Transcribing agency:
DLC
- Modifying agency:
DLC
100 10 - HEADING--PERSONAL NAME
- Personal name:
Bishop, Christopher M.
400 10 - SEE FROM TRACING--PERSONAL NAME
- Control subfield:
nne
- Personal name:
Bishop, Chris M.
670 ## - SOURCE DATA FOUND
- Source citation:
Neural networks for pattern recognition, 1995:
- Information found:
CIP t.p. (Chris Bishop, dept. computer sci., applied math., Aston U., Birmingham U.) info. from publ. (Chris M. Bishop) bk. t.p. (Christopher M. Bishop)
670 ## - SOURCE DATA FOUND
- Source citation:
Generalization in neural networks and machine learning, c1998:
- Information found:
CIP t.p. (Christopher M. Bishop, Microsoft Research, Cambridge) data sheet (b. Apr. 7, 1959)